Leninská strana, strana nového typu K 75. výročiu zjazdu Sociálnodemokratickej robotníckej strany Ruska

Bibliographic Details
Main Author: Kostin, A. (Author)
Format: Article
Language:Slovak
Subjects:

MARC

LEADER 00000nab a2200000 a 4500
001 vtls000004111
003 SK-MaSNL
005 20260303020849.0
008 111103c1978 xo 0 slo
015 |a SNBRB19rr/mm-uuuuu 
035 |a CL0014204 
040 |a SNKBUCL  |b slo  |c SNKBUCL  |e AACR2 
041 0 |a slo 
044 |a xo  |c SK 
080 |a 947  |2 1981 
100 1 |a Kostin, A.  |4 aut  |9 1001246 
245 1 0 |a Leninská strana, strana nového typu  |b K 75. výročiu zjazdu Sociálnodemokratickej robotníckej strany Ruska  |c A. Kostin 
610 2 7 |a Rossijskaja social-demokratičeskaja rabočaja partija  |2 SNKKA  |9 174088 
655 7 |a články z novín a časopisov  |2 snkbucl  |9 267496 
773 0 |t Život strany  |g Č. 15 (1978), s. 19-22 
850 |a Slovenská národná knižnica v Martine  |a MTA001 
852 |a SNK  |b KIS3GCP 
958 |a RK 
992 |a RBX 
999 |c 1620213  |d 1622143